000 00829nam0a22002771 4500
001 rc\2707308
005 20250529121442.0
035 _a(NLR Aleph) 006835260
090 _a6587794
_c6587794
100 _a20110915d1934 |||y0rusy50 ca
101 0 _arus
102 _aRU
105 _ay z |||a|
200 1 _aПохвала
_e[Рассказы]
_fС. Тарасевич
210 _aМосква
_cизд-во, тип. и цинк. Жургазобъединения
_d1934
215 _a40 с.
_d15х11 см.
225 1 _aБиблиотека "РОСТ"
_v№ 5
300 _aЗагл. обл.: Рассказы
512 0 _aРассказы
700 1 _aТарасевич
_bС.
801 0 _aRU
_bNLR
_gpsbo
801 1 _aRU
_bELAR
_2rusmarc
852 _aNLR
_j34-8/2052
942 _cBOOK
980 _aNB